[Event "Hessen-ch U14"]
[Site "Bad Homburg"]
[Date "2015.04.03"]
[Round "7"]
[White "Renk, Jonas"]
[Black "Lesche, Sven"]
[Result "1-0"]
[WhiteElo "1223"]
[BlackElo "1180"]
[PlyCount "122"]
[EventDate "2015.03.30"]
[EventType "swiss"]
[EventRounds "7"]
[EventCountry "GER"]
[SourceTitle "EXT 2017"]
[Source "ChessBase"]
[SourceDate "2016.10.25"]
[SourceVersion "1"]
[SourceVersionDate "2016.10.25"]
[SourceQuality "1"]

1. e4 e5 2. Nf3 Nf6 3. d4 exd4 4. e5 Ng4 5. Qxd4 d6 6. Bc4 Nc6 7. Bb5 dxe5 8. Qxd8+ Kxd8 9. Bxc6 bxc6 10. h3 e4 11. Ng5 Nh6 12. Nxe4 Bf5 13. Nbc3 Bb4 14. Bd2 Bxc3 15. Nxc3 Bxc2 16. Rc1 Re8+ 17. Be3 Bg6 18. 0-0 f6 19. Rfd1+ Ke7 20. Bc5+ Kf7 21. Rd7+ Kg8 22. Rxc7 Rec8 23. Rxa7 Rxa7 24. Bxa7 Ra8 25. Bc5 Bf7 26. Ba3 Nf5 27. Rd1 h5 28. Rd7 Re8 29. Rc7 Re1+ 30. Kh2 Rf1 31. Bc5 Ra1 32. Rxc6 Rc1 33. a4 Ra1 34. b4 Ra3 35. Ba7 Be8 36. Rc8 Kf7 37. Rc7+ Ke6 38. b5 Kd6 39. b6 Rb3 40. Nb5+ Bxb5 41. axb5 Rxb5 42. Rb7 Kc6 43. g4 hxg4 44. hxg4 Nh6 45. Rxg7 Rb4 46. Kg3 Rb5 47. Rg6 Nf5+ 48. gxf5 Rxf5 49. Rg7 Rh5 50. Rf7 Rh8 51. Rc7+ Kd6 52. b7 Kxc7 53. b8Q+ Rxb8 54. Bxb8+ Kxb8 55. Kf4 Kc7 56. Kf5 Kd7 57. Kxf6 Kd6 58. f4 Kd7 59. Kg7 Kd6 60. f5 Ke5 61. f6 Kf5 1-0

[Event "Hessen-ch U14"]
[Site "Bad Homburg"]
[Date "2015.03.30"]
[Round "3"]
[White "Lesche, Sven"]
[Black "Englaender, Leon Arne"]
[Result "0-1"]
[WhiteElo "1180"]
[BlackElo "1371"]
[PlyCount "106"]
[EventDate "2015.03.30"]
[EventType "swiss"]
[EventRounds "7"]
[EventCountry "GER"]
[SourceTitle "EXT 2017"]
[Source "ChessBase"]
[SourceDate "2016.10.25"]
[SourceVersion "1"]
[SourceVersionDate "2016.10.25"]
[SourceQuality "1"]

1. e4 e5 2. Nf3 Nc6 3. Bc4 Bc5 4. c3 d6 5. d3 Nf6 6. Bg5 Be6 7. Bb3 Bxb3 8. axb3 Qe7 9. 0-0 0-0 10. b4 Bb6 11. b5 Nd8 12. Re1 Ne6 13. Bh4 Nf4 14. d4 Ng6 15. d5 h5 16. h3 Nxh4 17. Nxh4 g6 18. Qd2 Nxd5 19. exd5 Qxh4 20. Rf1 Qf4 21. Qxf4 exf4 22. Nd2 Rfe8 23. Rfe1 Kf8 24. Nc4 Rxe1+ 25. Rxe1 Re8 26. Kf1 Rxe1+ 27. Kxe1 Ke7 28. Ke2 Kf6 29. Kf3 Kf5 30. h4 f6 31. g3 fxg3 32. fxg3 g5 33. hxg5 fxg5 34. Nd2 g4+ 35. Ke2 Ke5 36. c4 Ba5 37. Nb3 Bb6 38. Nd2 Kd4 39. Kd1 Kd3 40. b3 Ke3 41. b4 Bd4 42. Kc2 Be5 43. c5 Bxg3 44. b6 axb6 45. c6 bxc6 46. dxc6 h4 47. Nc4+ Kf2 48. Nxb6 d5 49. Nxd5 h3 50. Nf6 Kf3 51. b5 h2 52. b6 cxb6 53. Nh5 Bc7 0-1

[Event "Hessen-ch U14"]
[Site "Bad Homburg"]
[Date "2015.03.30"]
[Round "2"]
[White "Mastmeyer, Lars Quentin"]
[Black "Lesche, Sven"]
[Result "1/2-1/2"]
[WhiteElo "1354"]
[BlackElo "1180"]
[PlyCount "138"]
[EventDate "2015.03.30"]
[EventType "swiss"]
[EventRounds "7"]
[EventCountry "GER"]
[SourceTitle "EXT 2017"]
[Source "ChessBase"]
[SourceDate "2016.10.25"]
[SourceVersion "1"]
[SourceVersionDate "2016.10.25"]
[SourceQuality "1"]

1. d4 d5 2. c4 Nf6 3. Nc3 Bf5 4. Bg5 e6 5. Nf3 h6 6. Bh4 Be7 7. e3 Bg4 8. Be2 Nc6 9. cxd5 Nxd5 10. Bxe7 Ncxe7 11. 0-0 0-0 12. Nxd5 Nxd5 13. Qc2 Qe7 14. Rac1 Rac8 15. Ne5 Nb4 16. Qc4 Bxe2 17. Qxe2 Nxa2 18. Ra1 Nb4 19. Rxa7 Rb8 20. Qb5 c6 21. Qc5 Qxc5 22. dxc5 Rfd8 23. Nc4 Na6 24. Na5 Nxc5 25. b4 Nd3 26. Rxb7 Rxb7 27. Nxb7 Rb8 28. Nc5 Nxb4 29. Rb1 Rb5 30. g3 Na2 31. Rxb5 cxb5 32. Kf1 Kf8 33. Ke2 Ke7 34. Kd3 Kd6 35. Nb3 f5 36. e4 Nb4+ 37. Ke3 Na6 38. Nd4 b4 39. exf5 Nc5 40. fxe6 Nxe6 41. Nb3 Kd5 42. h3 Kc4 43. Nd2+ Kc3 44. f4 Nd4 45. Ne4+ Kc4 46. Nd2+ Kc5 47. Kd3 Kd5 48. g4 Ne6 49. Ke3 Nc5 50. g5 hxg5 51. fxg5 Ne6 52. h4 g6 53. Kd3 Nd4 54. Ke3 Nf5+ 55. Kd3 Nxh4 56. Kc2 Kc5 57. Kb3 Kb5 58. Nc4 Nf3 59. Nd6+ Kc5 60. Nf7 Kb5 61. Nd6+ Kc6 62. Nf7 Kc5 63. Nh8 Nxg5 64. Nxg6 Ne4 65. Ne5 Nd2+ 66. Kc2 b3+ 67. Kxd2 Kb4 68. Nd3+ Ka3 69. Kc3 Ka2 1/2-1/2

[Event "Hessen-ch U12"]
[Site "Bad Homburg"]
[Date "2013.??.??"]
[Round "8"]
[White "Lesche, Sven"]
[Black "Schell, Viktoria"]
[Result "1-0"]
[WhiteElo "991"]
[BlackElo "758"]
[PlyCount "65"]
[EventDate "2013.03.??"]
[EventType "swiss"]
[EventRounds "9"]
[EventCountry "GER"]
[SourceTitle "EXT 2014"]
[Source "ChessBase"]
[SourceDate "2013.11.20"]
[SourceVersion "1"]
[SourceVersionDate "2013.11.20"]
[SourceQuality "1"]

1. e4 e5 2. Nf3 Nc6 3. Bc4 Bc5 4. d3 d6 5. Ng5 Be6 6. Bxe6 fxe6 7. Nc3 h6 8. Nxe6 Bxf2+ 9. Kxf2 Qe7 10. Nd5 Qd7 11. Qh5+ Qf7+ 12. Qxf7+ Kxf7 13. Nexc7 Rf8 14. Rf1 Kg6+ 15. Kg1 Nf6 16. b3 Nd4 17. Nxf6 gxf6 18. Rf2 Rh7 19. Nd5 Kg7 20. c3 Ne6 21. Ba3 Nc5 22. Bxc5 dxc5 23. Raf1 c4 24. bxc4 Rhh8 25. Nc7 Kg6 26. Nd5 Kg7 27. Nxf6 Rf7 28. Nh5+ Kg6 29. Rxf7 Kxh5 30. Rxb7 a5 31. Rg7 a4 32. Rf3 Rh7 33. Rh3# 1-0

[Event "Hessen-ch U12"]
[Site "Bad Homburg"]
[Date "2013.??.??"]
[Round "5"]
[White "Theobald, Fabian"]
[Black "Lesche, Sven"]
[Result "1-0"]
[WhiteElo "760"]
[BlackElo "991"]
[PlyCount "111"]
[EventDate "2013.03.??"]
[EventType "swiss"]
[EventRounds "9"]
[EventCountry "GER"]
[SourceTitle "EXT 2014"]
[Source "ChessBase"]
[SourceDate "2013.11.20"]
[SourceVersion "1"]
[SourceVersionDate "2013.11.20"]
[SourceQuality "1"]

1. e4 e5 2. Nf3 Nc6 3. Nc3 Nf6 4. Bc4 Nxe4 5. Bxf7+ Kxf7 6. Nxe4 Be7 7. d4 exd4 8. Nxd4 Nxd4 9. Qxd4 d5 10. Ng3 Rf8 11. Nh5 Bh4 12. Qxg7+ Ke8 13. Qe5+ Qe7 14. Ng7+ Kd8 15. Qxe7+ Kxe7 16. 0-0 b6 17. Re1+ Kd7 18. g3 Bf6 19. Nh5 Bd4 20. Nf4 h5 21. Rd1 Bc5 22. Rxd5+ Kc6 23. Rxh5 Bb7 24. Nd3 Rae8 25. Bf4 Kd7 26. Ne5+ Kc8 27. Rd1 Rd8 28. Rxd8+ Rxd8 29. Nd3 Be7 30. Rh7 Bd6 31. Bxd6 Rxd6 32. Rh8+ Kd7 33. h4 c5 34. Ne5+ Ke6 35. f4 Rd1+ 36. Kf2 Rd2+ 37. Ke3 Rxc2 38. Rh6+ Ke7 39. f5 Bd5 40. Kf4 Rxb2 41. Ng6+ Kf6 42. Ne5+ Kg7 43. Rg6+ Kf8 44. Nd7+ Kf7 45. Ke5 Bxa2 46. h5 Re2+ 47. Kf4 Rh2 48. Ne5+ Ke8 49. h6 c4 50. Re6+ Kf8 51. Nd7+ Kf7 52. Ne5+ Kf8 53. Ng6+ Kg8 54. Re8+ Kf7 55. Re7+ Kg8 56. Rg7# 1-0

[Event "Hessen-ch U12"]
[Site "Bad Homburg"]
[Date "2012.??.??"]
[Round "2"]
[White "Lesche, Sven"]
[Black "Bambey, Marius"]
[Result "1-0"]
[WhiteElo "753"]
[BlackElo "806"]
[PlyCount "67"]
[EventDate "2012.04.??"]
[EventType "swiss"]
[EventRounds "9"]
[EventCountry "GER"]
[SourceTitle "EXT 2015"]
[Source "ChessBase"]
[SourceDate "2014.11.20"]
[SourceVersion "1"]
[SourceVersionDate "2014.11.20"]
[SourceQuality "1"]

1. e4 e5 2. Bc4 Nf6 3. Nf3 Nc6 4. Nc3 Bb4 5. Ng5 0-0 6. 0-0 h6 7. Nxf7 Rxf7 8. Bxf7+ Kxf7 9. f4 exf4 10. Rxf4 Kg8 11. Nd5 Nxd5 12. exd5 Bc5+ 13. Kh1 Ne7 14. d4 Bd6 15. Rg4 Kh8 16. Bd2 Nxd5 17. Qc1 Qf6 18. c3 h5 19. Rg5 Bf4 20. Rxh5+ Kg8 21. Rxd5 Bxd2 22. Qxd2 b6 23. Qg5 Qf7 24. Rf5 Qe8 25. Re5 Qf7 26. Qf5 Qxf5 27. Rxf5 d6 28. Rg5 Bb7 29. Re1 Rf8 30. Kg1 Rf4 31. Re8+ Kf7 32. Re1 Kf6 33. Rg3 Rh4 34. Rf1+ 1-0

[Event "Hessen-ch U10"]
[Site "Bad Homburg"]
[Date "2012.??.??"]
[Round "9"]
[White "Lesche, Sven"]
[Black "Miltenberger, Alina"]
[Result "1/2-1/2"]
[WhiteElo "753"]
[BlackElo "762"]
[PlyCount "59"]
[EventDate "2012.04.??"]
[EventType "swiss"]
[EventRounds "9"]
[EventCountry "GER"]
[SourceTitle "EXT 2015"]
[Source "ChessBase"]
[SourceDate "2014.11.20"]
[SourceVersion "1"]
[SourceVersionDate "2014.11.20"]
[SourceQuality "1"]

1. e4 c6 2. d4 d5 3. e5 f6 4. exf6 Nxf6 5. Nf3 Bg4 6. Be2 e6 7. 0-0 Bd6 8. Bg5 Nbd7 9. Nc3 Qc7 10. g3 0-0-0 11. Na4 e5 12. dxe5 Nxe5 13. Nxe5 Bxe2 14. Qxe2 Bxe5 15. Qe3 Rhe8 16. Qxa7 h6 17. Nb6+ Qxb6 18. Qxb6 Bc7 19. Qa7 Bb8 20. Qa3 Bd6 21. Qa8+ Kc7 22. Qa5+ b6 23. Qa7+ Kc8 24. Bxf6 gxf6 25. Rfe1 Re7 26. Re3 Rxa7 27. Rc3 Re8 28. Rxc6+ Rc7 29. Rxd6 Rce7 30. Rc6+ 1/2-1/2